• 首页
  • 本馆介绍
  • 公告通知
  • 最新文献
  • 馆藏检索
  • 电子资源
  • 读者导购
  • 参考咨询
  • 我的图书馆
  • 登录
  • 详细信息显示
  • 放入我的书架
  • 预约/预借图书
  • 作者相关作品
  • 分类相关作品
  • 丛书相关作品
  • 出版社相关作品

书目信息

  • 表格格式
  • 工作单格式
  • 卡片格式
题名:
游泳竞赛规则
    
 
作者: ;国家体育运动委员会 审定
分册: 1979  
出版信息: 北京   人民体育出版社  1979
页数: 26页
开本: 13cm
丛书名:
单 册:
中图分类: G861.14
科图分类:
主题词: 游泳-竞赛规则--1979 , 竞赛规则-游泳--1979 , 水上运动 , 冰上运动 , 雪上运动
电子资源:
ISBN:
000 00771nam0 2200289 45
001 0179003859
005 20040507141437.0
010    @dCNY0.06
091    @a7015.1721
100    @a19950717d1979 em y0chiy0121 ea
101 0  @achi
102    @aCN@b110000
105    @ay z 000yy
106    @ar
200 10 @a游泳竞赛规则@Ayou yong jing sai gui ze@h1979@f国家体育运动委员会审定
205    @a3版
210    @a北京@c人民体育出版社@d1979
215    @a26页@d13cm
606    @a游泳-竞赛规则@z1979
606    @a竞赛规则-游泳@z1979
606 0  @a水上运动
606 0  @a冰上运动
606 0  @a雪上运动
690    @aG861.14
711 02 @a国家体育运动委员会@Aguo jia ti yu yun dong wei yuan hui@4审定
801  0 @aCN@bNLC@c20040507
905    @f1@b32009@dG861.14@e4
    
    游泳竞赛规则.1979/国家体育运动委员会审定.-3版.-北京:人民体育出版社,1979
    26页;13cm
    
    
    ISBN :CNY0.06
    
●
相关链接 在E读中查询图书 在五车中查询图书 在当当中查询图书 在豆瓣中查询图书


正题名:游泳竞赛规则     索取号:G861.14/4         预约/预借

序号 登录号 条形码 馆藏地/架位号 状态 备注
1 0032009   000306993   密集书库/ [索取号:G861.14/4] 在馆    
欢迎您!
大连网信软件有限公司© 版权所有